[Event "Challenge"]
[Site "http://www.queenalice.com/game.php?id=598832"]
[Date "2009.6.5"]
[Round "-"]
[White "diogo_franco"]
[Black "alysson_wander"]
[Result "1-0"]
[WhiteElo "1270"]
[BlackElo "1349"]

1. Nc3 e5 2. e4 Nf6 3. Nf3 b6 4. d4 d6 5. Bb5+ c6 6. Ba4 b5 7. Bb3 b4 8. Na4
Nxe4 9. Nh4 Qxh4 10. g3 Qh5 11. Qxh5 g6 12. Qf3 d5 13. dxe5 h5 14. c4 Ng5 15.
Bxg5 Be7 16. Qf4 Bg4 17. cxd5 cxd5 18. Bxd5 f6 19. exf6 Nd7 20. fxe7 Rc8 21.
Qf7# 1-0

[Event "Challenge"]
[Site "http://www.queenalice.com/game.php?id=599346"]
[Date "2009.6.6"]
[Round "-"]
[White "vilmar357"]
[Black "diogo_franco"]
[Result "1-0"]
[WhiteElo "1570"]
[BlackElo "1121"]

1. e4 Nf6 2. Nc3 Nc6 3. Nf3 e5 4. Bc4 d5 5. exd5 Ne7 6. Ng5 h6 7. Nxf7 Kxf7 8.
d6+ Kg6 9. dxe7 Bxe7 10. h3 Qd4 11. Qe2 Rf8 12. Qd3+ Kh5 13. g4+ Nxg4 14. hxg4+
Kg5 15. Rh5+ Kxg4 16. Qh3+ Kf4 17. Qg3# 1-0

[Event "Challenge"]
[Site "http://www.queenalice.com/game.php?id=599376"]
[Date "2009.6.6"]
[Round "-"]
[White "vilmar357"]
[Black "diogo_franco"]
[Result "1-0"]
[WhiteElo "1579"]
[BlackElo "1083"]

1. e4 e5 2. Nf3 Nc6 3. Nc3 Nf6 4. Bc4 d5 5. exd5 Nb4 6. Bb3 g6 7. Qe2 Bd6 8. d4
O-O 9. O-O Qd7 10. a3 Ng4 11. axb4 Bxb4 12. Ba4 b5 13. Bxb5 1-0

[Event "Challenge"]
[Site "http://www.queenalice.com/game.php?id=600984"]
[Date "2009.6.9"]
[Round "-"]
[White "didonato"]
[Black "diogo_franco"]
[Result "0-1"]
[WhiteElo "1167"]
[BlackElo "1083"]

1. d4 d5 2. Nc3 Nf6 3. Nf3 Nc6 4. e3 Bg4 5. h3 Bf5 6. g4 Bg6 7. b3 Nb4 8. a3
Nxc2+ 9. Ke2 Nxa1 10. Bb2 Nc2 11. g5 Nh5 12. Rg1 c6 13. h4 Qa5 14. b4 Nxb4 15.
Bh3 Na2 16. Nxa2 Qb5+ 17. Qd3 Bxd3+ 18. Ke1 Qxb2 19. Bg4 Qb1+ 20. Kd2 Qb3 21.
Bxh5 e6 22. Ra1 Bxa3 23. Ne1 Ba6 24. Bd1 Qd3+ 25. Nxd3 h6 26. f3 hxg5 27. hxg5
Rh5 28. Ba4 Rxg5 29. f4 Rg2+ 30. Kc3 f5 31. Kb3 Bd6 32. Nac1 Rd2 33. Kc3 Rg2 34.
Kb3 b5 35. Ne2 Rxe2 36. Nb2 bxa4+ 37. Kxa4 Rb8 38. Nd3 Bb5+ 39. Ka5 Bc7+ 40. Kb4
Rc2 41. Rxa7 Rb2+ 42. Ka3 Bd6+ 43. Kxb2 Bxd3+ 44. Ka2 Bc4+ 45. Ka1 Bb4 46. Rxg7
Bc3# 0-1

[Event "Challenge"]
[Site "http://www.queenalice.com/game.php?id=608286"]
[Date "2009.6.24"]
[Round "-"]
[White "diogo_franco"]
[Black "TD"]
[Result "1-0"]
[WhiteElo "1208"]
[BlackElo "1273"]

1. e3 e6 2. Bb5 a6 3. Bc4 b5 4. Bb3 d5 5. d4 g6 6. Qg4 h5 7. Qh3 Nc6 8. Nf3 Nb4
9. Nc3 c6 10. e4 a5 11. a3 Na6 12. Ne5 Nb8 13. Qf3 f5 14. exf5 exf5 15. Nxg6 Rh6
16. Qe3+ Be6 17. Qxe6+ Ne7 18. Nxf8 Rxe6+ 19. Nxe6 Qd6 20. Ng7+ Kd8 21. Bg5 Qg6
22. f4 Qxg7 23. O-O-O Kc7 24. Rhe1 Ng6 25. g3 h4 26. gxh4 Qh7 27. Re8 Nxh4 28.
Re7+ Qxe7 29. Bxe7 a4 30. Bxd5 Nf3 31. Bxf3 Nd7 32. Re1 Rg8 33. h4 Rg3 34. Bh5
Nb6 35. Be8 Nc4 36. h5 b4 37. Nxa4 bxa3 38. h6 Rh3 39. Bf8 Kb7 40. Re7+ Ka6 41.
Nc5+ Kb6 42. Rb7+ Ka5 43. b4# 1-0

[Event "Challenge"]
[Site "http://www.queenalice.com/game.php?id=611062"]
[Date "2009.6.30"]
[Round "-"]
[White "Leandro_Amaral"]
[Black "diogo_franco"]
[Result "1-0"]
[WhiteElo "1306"]
[BlackElo "1311"]

1. e4 e5 2. Nf3 Nc6 3. Nc3 Bc5 4. d3 Nf6 5. Bg5 h6 6. Bh4 g5 7. Bg3 Ng4 8. h3
Bb4 9. hxg4 Qe7 10. Qe2 Ba5 11. O-O-O Nb4 12. a3 Nc6 13. Nd5 Qd6 14. Bxe5 Nxe5
15. d4 Nxg4 16. Nxg5 f6 17. Qxg4 h5 18. Rxh5 Qf8 19. Nh7 Qf7 20. Nhxf6+ Qxf6 21.
Nxf6+ Ke7 22. Nd5+ 1-0

[Event "Challenge"]
[Site "http://www.queenalice.com/game.php?id=611462"]
[Date "2009.6.30"]
[Round "-"]
[White "diogo_franco"]
[Black "reniflex"]
[Result "1-0"]
[WhiteElo "1247"]
[BlackElo "1322"]

1. e4 e5 2. Bc4 Nf6 3. Nc3 g6 4. Qf3 h5 5. d4 d6 6. Bg5 Bg4 7. Qe3 Bh6 8. f3 Bd7
9. Bxh6 c6 10. Bg5 b5 11. Bb3 a6 12. dxe5 dxe5 13. O-O-O a5 14. Qd3 Qe7 15. Nh3
b4 16. Na4 Na6 17. Nb6 Nc5 18. Qc4 Be6 19. Qe2 Rb8 20. Nc4 Rd8 21. Nxe5 Bxb3 22.
axb3 Qxe5 23. f4 Ncxe4 24. fxe5 Nxg5 25. Nxg5 Nd5 26. Qf2 h4 27. Qxf7# 1-0

[Event "Challenge"]
[Site "http://www.queenalice.com/game.php?id=611618"]
[Date "2009.7.1"]
[Round "-"]
[White "TD"]
[Black "diogo_franco"]
[Result "1-0"]
[WhiteElo "1324"]
[BlackElo "1295"]

1. e4 e5 2. Nf3 Nc6 3. Bc4 d5 4. Bb5 a6 5. Ba4 Bb4 6. a3 Bc5 7. b4 Bb6 8. Bb2 d4
9. Nxe5 f6 10. Nxc6 bxc6 11. Bxc6+ Bd7 12. Bd5 c6 13. Bc4 Qe7 14. d3 Nh6 15. O-O
Qe5 16. f3 Bc7 17. f4 Qd6 18. h3 Rf8 19. c3 g5 20. Bc1 gxf4 21. Bxf4 Qe7 22.
Bxc7 Rg8 23. Qh5+ Nf7 24. cxd4 Rg5 25. Qxh7 Ra7 26. e5 fxe5 27. Bxe5 Be6 28. Nd2
Rd7 29. Ne4 Nxe5 30. Qxe7+ Rxe7 31. Bxe6 Rg6 32. dxe5 Rexe6 33. d4 Re7 34. Nc5
Reg7 35. Ra2 Rg3 36. Nxa6 Rd3 37. Rc1 Rg6 38. Nb8 Rxd4 39. Nxc6 Re4 40. b5 Kd7
41. Rd2+ Ke8 42. b6 Rg7 43. Rb2 Rb7 44. Rb4 Re2 45. Rcb1 Rc2 46. Nd4 Rd2 47. Nf3
Rd3 48. h4 Rxa3 49. h5 Ra2 50. h6 Kd8 51. h7 1-0

[Event "Challenge"]
[Site "http://www.queenalice.com/game.php?id=612152"]
[Date "2009.7.2"]
[Round "-"]
[White "cass"]
[Black "diogo_franco"]
[Result "1-0"]
[WhiteElo "1373"]
[BlackElo "1325"]

1. e4 e5 2. d4 Nc6 3. c3 Nf6 4. Bg5 h6 5. Bh4 g5 6. Bg3 Nxe4 7. Bxe5 Nxe5 8.
dxe5 Qf6 9. exf6 Bc5 10. Qe2 d5 11. c4 Be6 12. Nc3 O-O-O 13. Nh3 Bb4 14. f3 Nxf6
15. Qe3 Rde8 16. Qxa7 Bd7+ 17. Be2 Bf5 18. Qa8+ Kd7 19. Qa4+ c6 20. Qxb4 Re3 21.
Qxb7+ Kd6 22. Nd1 Re7 23. Qb4+ c5 24. Qb6+ Ke5 25. Qxc5 Rhe8 26. cxd5 Nd7 27.
Qc4 Kf6 28. d6 Re6 29. Ne3 Rxe3 30. Qd4+ Kg6 31. g4 Rxe2+ 32. Kf1 Bc2 33. Qa7
Ne5 34. Kxe2 Nd3+ 35. Kd2 Nb4 36. Qc5 Rb8 37. a3 1-0

[Event "Challenge"]
[Site "http://www.queenalice.com/game.php?id=761672"]
[Date "2010.4.15"]
[Round "-"]
[White "diogo_franco"]
[Black "Filipon_El_Bigodon"]
[Result "1-0"]
[WhiteElo "1297"]
[BlackElo "1603"]

1. Nc3 e5 2. e4 Nc6 3. Bc4 Bc5 4. Qf3 Nf6 5. d3 d6 6. Nb5 Bg4 7. Qg3 O-O 8. h3
Nb4 9. hxg4 Nxc2+ 10. Kf1 Nxa1 11. Qh3 a6 12. g5 axb5 13. gxf6 Qxf6 14. Qxh7#
1-0

[Event "Challenge"]
[Site "http://www.queenalice.com/game.php?id=766599"]
[Date "2010.4.26"]
[Round "-"]
[White "xadrezrobocop2010"]
[Black "diogo_franco"]
[Result "1-0"]
[WhiteElo "1517"]
[BlackElo "1325"]

1. e4 e5 2. Nf3 Nc6 3. Bb5 a6 4. Bxc6 bxc6 5. O-O f6 6. Nxe5 fxe5 7. Qh5+ g6 8.
Qxe5+ Qe7 9. Qxh8 Qe6 10. Qxh7 Nf6 11. Qxg6+ Qf7 12. Qxf7+ Kxf7 13. e5 Ne8 14.
d4 1-0